000 00600nam a2200193Ia 4500
003 OSt
005 20200917145127.0
008 190216s9999||||xx |||||||||||||| ||und||
020 _a9788120306530
040 _coclc
082 _a610.28
_bCRO/B
100 _aCromwell, Leslie
_94708
245 0 _aBiomedical Instrumentation And Measurements /
_cLeslie Cromwell ; Fred J Weibell ; Erich A Pfeiffer
250 _a2nd Ed.
260 _bPhi Learning Private Ltd,
_c2011.
_aNew Delhi:
300 _a510p
650 _aPhysics
942 _cBK
_2ddc
_h610.28
_iCRO/B
_k610.28
_mCRO/B
999 _c34411
_d34411